Interné montáže

Bibliographic Details
Format: Book
Language:Undetermined
PhysicalDescription:134 s.
Published: Bratislava VŠT 1969

MARC

LEADER 00000nam a2200000 a 4500
001 vtls001327964
003 SK-MaSNL
005 20260223172718.0
008 210928s1969 xx 0 und
035 |a SNK000280777 
040 |a SNK  |b slo  |c SNK  |e AACR2 
245 1 |a Interné montáže 
260 |a Bratislava  |b VŠT  |c 1969 
300 |a 134 s. 
958 |a OND 
999 |c 632011  |d 633941 
952 |t P60, <04>, [BOOK], {604}  |a SNK  |b SNK  |y VYP  |7 0  |p 17A0135397  |o snkSD 36335 D1  |0 0  |1 0  |4 0  |d 1998-04-16  |l 0  |r 2005-01-02 00:00:00  |w 2026-02-23 
952 |a SNK  |b SNK  |y PREZ  |7 0  |p 17A0884268  |o snkSD 36335   |0 0  |1 0  |4 0  |d 2013-08-12  |l 0  |r 2026-02-23 17:27:18  |w 2026-02-23